Statistiche per Trova tre paesi uniti in un minuto

Clicka qui per fare il quiz!

Statistiche generali

  • Questo quiz è stato fatto 15 volte
  • Il punteggio medio è 4 su 6

Risposte nella Mappa

Le risposte nella mappa del quiz sottostante sono codificate secondo una scala di colori dal rosso al verde in base alla % di persone che hanno risposto correttamente.
 

Statistiche sulle risposte

Paesi Uniti
Paese% Corretto
Paesi UnitiAlbania
100%
Paesi UnitiAlgeria
100%
Paesi UnitiArgentina
100%
Paesi UnitiBangladesh
100%
Paesi UnitiBielorussia
100%
Paesi UnitiBielorussia
100%
Paesi UnitiBosnia ed Erzegovina
100%
Paesi UnitiBotswana
100%
Paesi UnitiBrasile
100%
Merged CountriesBrasile
100%
Paesi UnitiBulgaria
100%
Paesi UnitiCina
100%
Paesi UnitiCina
100%
Paesi UnitiCorea del Nord
100%
Merged CountriesCorea del Sud
100%
Paesi UnitiEgitto
100%
Paesi UnitiFrancia
100%
Merged CountriesGermania
100%
Merged CountriesGrecia
100%
Paesi UnitiGuatemala
100%
Merged CountriesGuyana
100%
Merged CountriesIndia
100%
Merged CountriesIndia
100%
Paesi UnitiIran
100%
Paesi UnitiIran
100%
Paesi UnitiLaos
100%
Paesi UnitiLaos
100%
Merged CountriesLibia
100%
Paesi UnitiLibia
100%
Paesi UnitiMali
100%
Paesi UnitiMali
100%
Merged CountriesMauritania
100%
Merged CountriesMauritania
100%
Merged CountriesMessico
100%
Paesi UnitiMozambico
100%
Merged CountriesNiger
100%
Merged CountriesPakistan
100%
Merged CountriesPolonia
100%
Merged CountriesPolonia
100%
Paesi UnitiRepubblica Ceca
100%
Paesi UnitiRepubblica Democratica del Congo
100%
Merged CountriesRomania
100%
Merged CountriesRussia
100%
Merged CountriesSerbia
100%
Paesi UnitiSiria
100%
Merged CountriesSudafrica
100%
Merged CountriesSudan
100%
Merged CountriesTurchia
100%
Merged CountriesTurkmenistan
100%
Merged CountriesUganda
100%
Merged CountriesVietnam
100%
Merged CountriesZambia
100%
Paesi UnitiGermania
50%
Merged CountriesPaesi Bassi
50%
Paesi UnitiAfghanistan
0%
Paesi UnitiAfghanistan
0%
Paesi UnitiAfghanistan
0%
Paesi UnitiAfghanistan
0%
Paesi UnitiAlbania
0%
Paesi UnitiAlgeria
0%
Paesi UnitiAlgeria
0%
Paesi UnitiAlgeria
0%
Paesi UnitiAlgeria
0%
Paesi UnitiAlgeria
0%
Paesi UnitiAngola
0%
Paesi UnitiAngola
0%
Paesi UnitiAngola
0%
Merged CountriesArabia Saudita
0%
Paesi UnitiArabia Saudita
0%
Merged CountriesArabia Saudita
0%
Paesi UnitiArabia Saudita
0%
Merged CountriesArabia Saudita
0%
Paesi UnitiArgentina
0%
Paesi UnitiArgentina
0%
Paesi UnitiArgentina
0%
Paesi UnitiArgentina
0%
Paesi UnitiArmenia
0%
Paesi UnitiAustria
0%
Paesi UnitiAustria
0%
Paesi UnitiAustria
0%
Paesi UnitiAustria
0%
Paesi UnitiAustria
0%
Paesi UnitiAzerbaijan
0%
Paesi UnitiAzerbaijan
0%
Paesi UnitiBelgio
0%
Paesi UnitiBelgio
0%
Paesi UnitiBenin
0%
Paesi UnitiBenin
0%
Paesi UnitiBhutan
0%
Paesi UnitiBhutan
0%
Paesi UnitiBielorussia
0%
Paesi UnitiBielorussia
0%
Paesi UnitiBielorussia
0%
Merged CountriesBirmania
0%
Merged CountriesBirmania
0%
Paesi UnitiBirmania
0%
Merged CountriesBirmania
0%
Paesi UnitiBolivia
0%
Merged CountriesBolivia
0%
Paesi UnitiBolivia
0%
Paesi UnitiBolivia
0%
Paesi UnitiBolivia
0%
Paesi UnitiBosnia ed Erzegovina
0%
Paesi UnitiBotswana
0%
Paesi UnitiBotswana
0%
Paesi UnitiBrasile
0%
Paesi UnitiBrasile
0%
Paesi UnitiBrasile
0%
Paesi UnitiBrasile
0%
Merged CountriesBrasile
0%
Paesi UnitiBrasile
0%
Paesi UnitiBrasile
0%
Paesi UnitiBulgaria
0%
Paesi UnitiBurkina Faso
0%
Paesi UnitiBurkina Faso
0%
Paesi UnitiBurkina Faso
0%
Paesi UnitiBurkina Faso
0%
Paesi UnitiCambogia
0%
Paesi UnitiCambogia
0%
Paesi UnitiCambogia
0%
Paesi UnitiCamerun
0%
Paesi UnitiCamerun
0%
Paesi UnitiCamerun
0%
Paesi UnitiCamerun
0%
Paesi UnitiCanada
0%
Merged CountriesCiad
0%
Paesi UnitiCiad
0%
Paesi UnitiCiad
0%
Merged CountriesCiad
0%
Paesi UnitiCiad
0%
Merged CountriesCile
0%
Merged CountriesCile
0%
Paesi UnitiCina
0%
Paesi UnitiCina
0%
Paesi UnitiCina
0%
Paesi UnitiCina
0%
Paesi UnitiCina
0%
Paesi UnitiCina
0%
Paesi UnitiCina
0%
Paesi UnitiCina
0%
Paesi UnitiCina
0%
Merged CountriesCina
0%
Paesi UnitiCina
0%
Paesi UnitiColombia
0%
Merged CountriesColombia
0%
Paesi UnitiColombia
0%
Paesi UnitiColombia
0%
Merged CountriesCorea del Nord
0%
Paesi UnitiCosta d'Avorio
0%
Merged CountriesCosta d'Avorio
0%
Paesi UnitiCosta d'Avorio
0%
Merged CountriesCosta d'Avorio
0%
Merged CountriesCosta d'Avorio
0%
Paesi UnitiCroazia
0%
Merged CountriesCroazia
0%
Merged CountriesEcuador
0%
Paesi UnitiEcuador
0%
Paesi UnitiEgitto
0%
Merged CountriesEmirati Arabi Uniti
0%
Paesi UnitiEmirati Arabi Uniti
0%
Paesi UnitiEritrea
0%
Paesi UnitiEritrea
0%
Paesi UnitiEstonia
0%
Paesi UnitiEstonia
0%
Paesi UnitiEtiopia
0%
Paesi UnitiEtiopia
0%
Paesi UnitiEtiopia
0%
Paesi UnitiEtiopia
0%
Merged CountriesEtiopia
0%
Paesi UnitiFinlandia
0%
Paesi UnitiFinlandia
0%
Paesi UnitiFinlandia
0%
Merged CountriesFrancia
0%
Paesi UnitiFrancia
0%
Paesi UnitiFrancia
0%
Paesi UnitiFrancia
0%
Paesi UnitiGabon
0%
Paesi UnitiGeorgia
0%
Paesi UnitiGeorgia
0%
Merged CountriesGermania
0%
Paesi UnitiGermania
0%
Paesi UnitiGermania
0%
Merged CountriesGermania
0%
Merged CountriesGhana
0%
Paesi UnitiGhana
0%
Paesi UnitiGhana
0%
Merged CountriesGiordania
0%
Paesi UnitiGiordania
0%
Paesi UnitiGiordania
0%
Paesi UnitiGrecia
0%
Paesi UnitiGuatemala
0%
Paesi UnitiGuinea
0%
Paesi UnitiGuinea
0%
Paesi UnitiGuinea
0%
Paesi UnitiGuinea
0%
Paesi UnitiGuinea
0%
Paesi UnitiGuyana
0%
Paesi UnitiGuyana
0%
Merged CountriesHaiti
0%
Merged CountriesHonduras
0%
Paesi UnitiHonduras
0%
Paesi UnitiIndia
0%
Paesi UnitiIndia
0%
Merged CountriesIndia
0%
Paesi UnitiIndia
0%
Paesi UnitiIndonesia
0%
Paesi UnitiIndonesia
0%
Paesi UnitiIran
0%
Paesi UnitiIran
0%
Merged CountriesIran
0%
Merged CountriesIran
0%
Merged CountriesIraq
0%
Paesi UnitiIraq
0%
Paesi UnitiIraq
0%
Paesi UnitiIraq
0%
Paesi UnitiIraq
0%
Paesi UnitiIrlanda
0%
Merged CountriesItalia
0%
Merged CountriesItalia
0%
Paesi UnitiItalia
0%
Paesi UnitiKazakistan
0%
Paesi UnitiKazakistan
0%
Merged CountriesKazakistan
0%
Paesi UnitiKazakistan
0%
Paesi UnitiKenya
0%
Merged CountriesKenya
0%
Paesi UnitiKenya
0%
Paesi UnitiKenya
0%
Paesi UnitiKirghizistan
0%
Merged CountriesKirghizistan
0%
Merged CountriesKirghizistan
0%
Merged CountriesLaos
0%
Paesi UnitiLaos
0%
Merged CountriesLaos
0%
Paesi UnitiLesotho
0%
Paesi UnitiLettonia
0%
Merged CountriesLettonia
0%
Paesi UnitiLettonia
0%
Merged CountriesLettonia
0%
Merged CountriesLiberia
0%
Merged CountriesLiberia
0%
Paesi UnitiLiberia
0%
Merged CountriesLibia
0%
Paesi UnitiLibia
0%
Merged CountriesLibia
0%
Paesi UnitiLibia
0%
Merged CountriesLituania
0%
Merged CountriesLituania
0%
Merged CountriesMacedonia del Nord
0%
Merged CountriesMacedonia del Nord
0%
Paesi UnitiMalawi
0%
Paesi UnitiMalesia
0%
Merged CountriesMalesia
0%
Merged CountriesMali
0%
Merged CountriesMali
0%
Paesi UnitiMali
0%
Merged CountriesMali
0%
Merged CountriesMali
0%
Merged CountriesMarocco
0%
Merged CountriesMarocco
0%
Paesi UnitiMauritania
0%
Paesi UnitiMauritania
0%
Paesi UnitiMessico
0%
Paesi UnitiMoldavia
0%
Paesi UnitiMoldavia
0%
Merged CountriesMongolia
0%
Paesi UnitiMongolia
0%
Paesi UnitiMozambico
0%
Paesi UnitiMozambico
0%
Merged CountriesMozambico
0%
Paesi UnitiMozambico
0%
Paesi UnitiNamibia
0%
Merged CountriesNamibia
0%
Merged CountriesNamibia
0%
Merged CountriesNepal
0%
Merged CountriesNepal
0%
Merged CountriesNicaragua
0%
Paesi UnitiNiger
0%
Merged CountriesNiger
0%
Merged CountriesNiger
0%
Merged CountriesNiger
0%
Merged CountriesNiger
0%
Merged CountriesNigeria
0%
Merged CountriesNigeria
0%
Merged CountriesNigeria
0%
Paesi UnitiNorvegia
0%
Merged CountriesNorvegia
0%
Paesi UnitiOman
0%
Paesi UnitiOman
0%
Paesi UnitiOman
0%
Merged CountriesPaesi Bassi
0%
Merged CountriesPakistan
0%
Merged CountriesPakistan
0%
Merged CountriesPakistan
0%
Merged CountriesPapua Nuova Guinea
0%
Merged CountriesParaguay
0%
Merged CountriesParaguay
0%
Merged CountriesParaguay
0%
Merged CountriesPerù
0%
Merged CountriesPerù
0%
Merged CountriesPerù
0%
Merged CountriesPerù
0%
Merged CountriesPolonia
0%
Paesi UnitiPolonia
0%
Paesi UnitiPolonia
0%
Paesi UnitiPortogallo
0%
Merged CountriesRegno Unito
0%
Merged CountriesRepubblica Ceca
0%
Paesi UnitiRepubblica Ceca
0%
Paesi UnitiRepubblica Ceca
0%
Paesi UnitiRepubblica Centrafricana
0%
Paesi UnitiRepubblica Centrafricana
0%
Merged CountriesRepubblica Centrafricana
0%
Paesi UnitiRepubblica Centrafricana
0%
Paesi UnitiRepubblica Centrafricana
0%
Paesi UnitiRepubblica Centrafricana
0%
Merged CountriesRepubblica del Congo
0%
Merged CountriesRepubblica del Congo
0%
Merged CountriesRepubblica del Congo
0%
Merged CountriesRepubblica del Congo
0%
Paesi UnitiRepubblica Democratica del Congo
0%
Paesi UnitiRepubblica Democratica del Congo
0%
Merged CountriesRepubblica Democratica del Congo
0%
Paesi UnitiRepubblica Democratica del Congo
0%
Merged CountriesRepubblica Democratica del Congo
0%
Paesi UnitiRepubblica Dominicana
0%
Merged CountriesRomania
0%
Paesi UnitiRomania
0%
Merged CountriesRomania
0%
Paesi UnitiRomania
0%
Merged CountriesRussia
0%
Merged CountriesRussia
0%
Merged CountriesRussia
0%
Merged CountriesRussia
0%
Paesi UnitiRussia
0%
Merged CountriesRussia
0%
Merged CountriesRussia
0%
Merged CountriesRussia
0%
Paesi UnitiRussia
0%
Merged CountriesSenegal
0%
Merged CountriesSenegal
0%
Merged CountriesSenegal
0%
Merged CountriesSerbia
0%
Merged CountriesSerbia
0%
Merged CountriesSierra Leone
0%
Merged CountriesSierra Leone
0%
Merged CountriesSiria
0%
Merged CountriesSiria
0%
Merged CountriesSlovacchia
0%
Merged CountriesSlovacchia
0%
Merged CountriesSlovacchia
0%
Merged CountriesSlovenia
0%
Merged CountriesSomalia
0%
Merged CountriesSomalia
0%
Merged CountriesSpagna
0%
Merged CountriesSpagna
0%
Merged CountriesStati Uniti
0%
Merged CountriesStati Uniti
0%
Merged CountriesSudafrica
0%
Merged CountriesSudafrica
0%
Merged CountriesSudafrica
0%
Merged CountriesSudan
0%
Merged CountriesSudan
0%
Merged CountriesSudan
0%
Merged CountriesSudan
0%
Merged CountriesSudan
0%
Merged CountriesSudan
0%
Paesi UnitiSud Sudan
0%
Paesi UnitiSud Sudan
0%
Merged CountriesSud Sudan
0%
Merged CountriesSud Sudan
0%
Merged CountriesSud Sudan
0%
Merged CountriesSuriname
0%
Merged CountriesSuriname
0%
Merged CountriesSvezia
0%
Merged CountriesSvezia
0%
Merged CountriesSvizzera
0%
Merged CountriesSvizzera
0%
Merged CountriesSvizzera
0%
Paesi UnitiTagikistan
0%
Merged CountriesTagikistan
0%
Merged CountriesTagikistan
0%
Merged CountriesTagikistan
0%
Merged CountriesTanzania
0%
Merged CountriesTanzania
0%
Merged CountriesThailandia
0%
Merged CountriesThailandia
0%
Merged CountriesThailandia
0%
Merged CountriesThailandia
0%
Merged CountriesTogo
0%
Merged CountriesTogo
0%
Merged CountriesTunisia
0%
Merged CountriesTunisia
0%
Merged CountriesTurchia
0%
Merged CountriesTurchia
0%
Merged CountriesTurchia
0%
Merged CountriesTurchia
0%
Paesi UnitiTurkmenistan
0%
Merged CountriesTurkmenistan
0%
Merged CountriesUcraina
0%
Merged CountriesUcraina
0%
Merged CountriesUcraina
0%
Merged CountriesUcraina
0%
Merged CountriesUcraina
0%
Merged CountriesUganda
0%
Merged CountriesUganda
0%
Merged CountriesUngheria
0%
Paesi UnitiUngheria
0%
Paesi UnitiUngheria
0%
Merged CountriesUngheria
0%
Merged CountriesUruguay
0%
Merged CountriesUruguay
0%
Merged CountriesUzbekistan
0%
Merged CountriesUzbekistan
0%
Merged CountriesUzbekistan
0%
Merged CountriesVenezuela
0%
Merged CountriesVenezuela
0%
Merged CountriesVenezuela
0%
Merged CountriesVietnam
0%
Merged CountriesVietnam
0%
Merged CountriesYemen
0%
Merged CountriesYemen
0%
Merged CountriesZambia
0%
Paesi UnitiZambia
0%
Merged CountriesZambia
0%
Merged CountriesZimbabwe
0%
Merged CountriesZimbabwe
0%
Merged CountriesZimbabwe
0%

Distribuzione punteggi

Percentile per numero di risposta

Percentuale di utenti per punteggio

I tuoi punteggi nel tempo

Non hai fatto questo quiz